| 000 -CABECERA |
| Campo de control de longitud fija |
00719nam a22001697a 4500 |
| 005 - FECHA Y HORA DE LA ÚLTIMA TRANSACCIÓN |
| Campo de control |
20241128181306.0 |
| 008 - CAMPO FIJO DE DESCRIPCIÓN FIJA--INFORMACIÓN GENERAL |
| Campo de control de longitud fija |
230717b ||||| |||| 00| 0 eng d |
| 040 ## - FUENTE DE CATALOGACIÓN |
| Agencia de catalogación original |
CDMR |
| 110 1# - ENCABEZAMIENTO PRINCIPAL--NOMBRE CORPORATIVO |
| 9 (RLIN) |
828 |
| Nombre corporativo o de jurisdicción como elemento de entrada |
Consell de l'Audiovisual de Catalunya |
| 245 ## - MENCIÓN DE TÍTULO |
| Título |
Recomanacions per a una cobertura mediàtica de la infància i l'adolescència amb enfocament de drets [Recurs electrònic] |
| Mención de responsabilidad, etc. |
/ Consell de l'Audiovisual de Catalunya |
| 260 ## - PUBLICACIÓN, DISTRIBUCIÓN, ETC (PIE DE IMPRENTA) |
| Lugar de publicación, distribución, etc. |
Barcelona : |
| Nombre del editor, distribuidor, etc. |
CAC, |
| Fecha de publicación, distribución, etc. |
2021 |
| 300 ## - DESCRIPCIÓN FÍSICA |
| Extensión |
1 recurs electrònic (14 pàgines) |
| 650 #0 - ASIENTO SECUNDARIO DE MATERIA--TÉRMINO DE MATERIA |
| 9 (RLIN) |
983 |
| Nombre de materia o nombre geográfico como elemento de entrada |
Ètica periodística |
| Subdivisión geográfica |
Catalunya |
| 650 #0 - ASIENTO SECUNDARIO DE MATERIA--TÉRMINO DE MATERIA |
| 9 (RLIN) |
3487 |
| Nombre de materia o nombre geográfico como elemento de entrada |
Mitjans de comunicació de massa i infants |
| 856 ## - ACCESO ELECTRÓNICO |
| Nota Pública |
Accés en línia |
| Identificador uniforme del recurso URI |
<a href="https://omeka.periodistes.cat/items/show/721">https://omeka.periodistes.cat/items/show/721</a> |
| 942 ## - ELEMENTOS KOHA |
| Fuente de clasificación o esquema de ordenación en estanterías |
|
| Koha tipo de item |
Recursos en línia |